いわき市の地区 - Statistics

General Stats
  • This quiz has been taken 26 times
  • The average score is 7 of 14
Answer Stats
合併前 Answer % Correct
91%
小名浜
87%
勿来
87%
内郷
70%
常磐
61%
石城郡 四倉
48%
双葉郡 久之浜
43%
石城郡 遠野
39%
石城郡 小川
39%
石城郡 田人
35%
双葉郡 大久
35%
石城郡 三和
26%
石城郡 好間
22%
石城郡 川前
22%
No matching quizzes found
Score Distribution
Percent of People with Each Score
Percentile by Number Answered
Your Score History
You have not taken this quiz